MARC

LEADER 00000nam0a2200000 4500
001 21169
005 20231101205416.0
010 |a 5852000493 
035 |a (RuTPU)RU\TPU\book\21367 
035 |a BOOK00021437 
090 |a 21169 
100 |a 20011209d1989 m y0rusy50 ca 
101 0 |a rus 
102 |a RU 
105 |a a z 000zb 
200 1 |a Из собрания Государственной Третьяковской галереи  |e Альбом  |f Н. Рерих 
210 |a Москва  |c Изобразительное искусство  |d 1989 
215 |a 48 с.  |c ил. 
600 1 |a Рёрих (Рерих)  |g Николай Константинович  |b Н. К.  |c российский живописец  |c театральный художник  |c археолог  |c путешественник  |c писатель  |f 1874-1947  |2 stltpui  |3 (RuTPU)RU\TPU\pers\303 
610 1 |a искусство 
610 1 |a живопись 
610 1 |a 20 век 
610 1 |a русское искусство 
610 1 |a история 
610 1 |a альбомы 
675 |a 75.071(092)Рерих(084)  |v 3 
700 1 |a Рёрих (Рерих)  |b Н. К.  |c российский живописец  |c театральный художник  |c археолог  |c путешественник  |c писатель  |f 1874-1947  |g Николай Константинович  |2 stltpui  |3 (RuTPU)RU\TPU\pers\303  |9 150 
801 0 |a RU  |b 63413507  |c 20011209  |g PSBO 
801 2 |a RU  |b 63413507  |c 20110406  |g PSBO 
942 |c BK